000 00612cam a22002053a 4500
001 44584
003 PGUSA
005 20140828084022.0
008 140104s2014||||xxu|||||s|||||000 | eng d
040 _aPGUSA
_beng
042 _adc
100 1 _aFernández y González, Manuel,
_d1821-1888
245 1 0 _aLos monfíes de las Alpujarras
_h[electronic resource] /
_cManuel Fernández y González
260 _bProject Gutenberg,
_c2014
506 _aPublic domain in the USA.
516 _aElectronic text
830 0 _aProject Gutenberg
_v44584
856 4 0 _uhttp://www.gutenberg.org/ebooks/44584
942 _cEB
999 _c273835
_d273835